| 000 | 00366nam a2200145Ia 4500 | ||
|---|---|---|---|
| 008 | 210716s1991 xx 000 0 und d | ||
| 020 | _a0256086818 | ||
| 041 | _aeng | ||
| 082 | _a658.802 LEHD | ||
| 100 | _aLehmann, Donald R; Winer, Russell S. | ||
| 245 | _aAnalysis for marketing planning. | ||
| 250 | _a2 | ||
| 260 |
_aBoston _bIrwin _c1991 |
||
| 300 | _axiv,186 | ||
| 999 |
_c198594 _d198594 |
||